Organizovaný cestovný ruch v Poľsku
Organizácia cestovného ruchu v Poľsku. Pojem touroperátor (organizátor zájazdu) ich úloha a činnosť. Analýza balíkov služieb cestovného ruchu. Zaangažované organizácie cestovného ruchu. Poznanie na základe výsledkov výskumu trhu organizovaného cestovného ruchu v Poľsku.
Gespeichert in:
| 1. Verfasser: | |
|---|---|
| Format: | Buchkapitel |
| Sprache: | Slowakisch |
| Schlagworte: | |
| Tags: |
Keine Tags, Fügen Sie das erste Tag hinzu!
|
MARC
| LEADER | 00000naa a2200000 4500 | ||
|---|---|---|---|
| 001 | r049342 | ||
| 005 | 20230724111442.7 | ||
| 041 | 0 | |a slo | |
| 044 | |a SK | ||
| 245 | 1 | 0 | |a Organizovaný cestovný ruch v Poľsku |c Jolanta Staszewska |
| 520 | |a Organizácia cestovného ruchu v Poľsku. Pojem touroperátor (organizátor zájazdu) ich úloha a činnosť. Analýza balíkov služieb cestovného ruchu. Zaangažované organizácie cestovného ruchu. Poznanie na základe výsledkov výskumu trhu organizovaného cestovného ruchu v Poľsku. | ||
| 610 | 2 | 0 | |a ruch cestovný |
| 610 | 2 | 0 | |a Poľsko |
| 610 | 2 | 0 | |a organizácia |
| 610 | 2 | 0 | |a sprostredkovatelia |
| 610 | 2 | 0 | |a kancelárie cestovné |
| 100 | 1 | |a Staszewska, Jolanta | |